01672nam a2200349 a 4500001001000000003000500010005001700015008004100032010001100073011001100084040000900095090001000104100004600114245024400160260004000404500006000444502010400504590004100608590004000649590004000689650003800729650005100767650006000818650006600878856007000944901000701014942001001021942000601031999001901037952013101056952013501187000113188CHAP20220329144342.0170512s2016 mx sm |||||||spa d a109649 a110621 cCHAP aTesis1 aPérez Pérez, Eliezer Fernando913216414aLos campesinos productores de café en el mercado neoliberal:h[En línea]bel caso de la unión de comunidades indígenas productoras agropecuarias Santa Catarina Pantelhó, Chiapas. 1982-2015 /cpor Eliezer Fernando Pérez Pérez. aChiapas, Méx. :bEl autor,c2016. aPara ver el contenido del material haga clic en la liga aTesis (M.C. en Desarrollo Rural Regional) -- UACH. Dirección de Centros Regionales Universitarios aE11695DGDb10c20170515lUCH01h0919 aE5765TAJb05c20170512lUCH01h0922 aE5765TAJb05c20170512lUCH01h092214aCaféxMercadeozChiapas.91717214aCaféxOrganización de productores.913216614aCafeticultoresxAspectos económicoszChiapas.913218214aComunidades ruralesxDesarrollo económicozChiapas.9132186 aFinding aiduhttp://10.13.5.2/tesis/sist113188.pdfzTeclea aquí aBK cTESIS n0 c109649d109649 00104054718TESISaBCbBCd2017-05-12fTESISl0oTesisp113190-10r2019-12-31 00:00:00w2019-12-31yTESISzRecien adquirido 00102local4053708TESISaBCbBCcPA_TESISd2017-05-12fTESISl0oTesisp113190-20r2019-12-31 00:00:00tc.2w2019-12-31yTESIS